Logos with ONE color - Statistics

General Stats
  • This quiz has been taken 24 times
  • The average score is 5 of 16
Answer Stats
Answer % Correct
Target
63%
Apple
58%
Twitter
53%
Coca-Cola
37%
Intel
32%
Android
26%
HP
26%
IBM
26%
Adobe
21%
CNN
21%
DC
21%
Firestone
21%
Food Network
21%
Hilton
21%
Hisamitsu
21%
Yahoo!
21%
No matching quizzes found
Score Distribution
Percent of People with Each Score
Percentile by Number Answered
Your Score History
You have not taken this quiz